000 02480cam a22003371i 4500
003 SA-RiAUC
005 20250123162512.0
008 250123s1999 ua g 00010 ara d
020 _a9960906094
035 _a182015
040 _aTAIF
_bara
_cSA-RiAUC
_erda
082 0 4 _a929.1
_qSA-RiAUC
090 _a929.1
_bز ب ي
100 0 _aالزبير بن بكار بن عبد الله،
_d172-256 هجري
_eمؤلف.
245 1 0 _aجمهرة نسب قريش وأخبارها /
_cللزبير بن بكار ؛ تحقيق محمود محمد شاكر ؛ إشراف حمد الجاسر.
250 _aالطبعة الثانية.
264 1 _aالقاهرة ؛
_aالرياض :
_bدار اليمامة للبحث والترجمة،
_c1999
300 _a2 مجلد ؛
_c24 سم
336 _aنص
_btxt
_2rdacontent
_3كتاب
337 _aبدون وسيط
_bn
_2rdamedia
338 _aمجلد
_bnc
_2rdacarrier
650 7 _aالقبائل العربية
_2aucsh
650 7 _aقريش (قبيلة)
_2aucsh
650 7 _aالأنساب والأعراق
_2aucsh
700 1 _aشاكر، محمود محمد،
_d1909-1997
_eمحقق.
700 1 _aالجاسر، حمد،
_d1328-1421 هجري
_eمشرف.
856 _uhttp://www.alwaraq.net/Core/waraq/coverpage?bookid=580&option=1
_yExternal Link
_2 نرجو الانتباه لإمكانية وجود اختلاف في الطبعة أو الناشر بين البيانات على البوابة وما ستجده على الكتاب نظرا لمحدودية المعلومات المتاحة على الموقع الناشر للمادة.
_3Please note that there may be a difference in the edition or publisher between the data on the portal and the book due to the limited information available on the publisher website for the material.
856 _uhttp://www.alwaraq.net/Core/AlwaraqSrv/bookpage?book=580&option=1&fkey=2&page=1
_yDigital Copy
_2 نرجو الانتباه لإمكانية وجود اختلاف في الطبعة أو الناشر بين البيانات على البوابة وما ستجده على الكتاب نظرا لمحدودية المعلومات المتاحة على الموقع الناشر للمادة.
_3Please note that there may be a difference in the edition or publisher between the data on the portal and the book due to the limited information available on the publisher website for the material.
942 _2ddc
_cBOOK
_n0
949 _aSA-JeALM
_d250123
_uosman123
_n1
999 _c5149
_d5149